Riconosci il Pokémon - Quiz n°874 - Statistics

Statistiche generali
  • Questo quiz è stato fatto 60 volte
  • Il punteggio medio è 7 su 10
Statistiche sulle risposte
Indizio Risposta % Corretto
Tipo Acqua
100%
Generazione Seconda
100%
Stadio evoluzione Seconda evoluzione
93%
Abilità Assorbacqua; Umidità; Piovischio
87%
Altezza 1,1 m
74%
Peso 33,9 kg
74%
Sesso 50% ♂, 50% ♀
70%
Tasso di cattura 45 (11.9%)
61%
Tasso di allevamento Medio-Lento
59%
Pokémon Politoed
30%
Nessun quiz corrispondente trovato
Distribuzione punteggi
Percentuale di utenti per punteggio
Percentile per numero di risposta
I tuoi punteggi nel tempo
Non hai fatto questo quiz